Propuesta de renovación urbano-arquitectónico del barrio Edgard Munguía, del distrito I Managua, para el año 2023

El siguiente trabajo monográfico desarrolla una plataforma teórica relativa a los aspectos conceptuales y normativos de la intervención urbana-arquitectónica evaluando las condiciones físicas actuales del sector en estudio, diseñando una propuesta de renovación urbana-arquitectónica incorpor...

Full description

Bibliographic Details
Main Authors: Mejía Montenegro, Indira, Mejía Montenegro, Leana
Other Authors: Tutor: Solórzano Saravia, Alberto
Format: Tesis Section = Libro
Language:Undetermined
Spanish
Published: Managua UNI 2023
Subjects:
LEADER 01338nam a2200277Ia 4500
008 240830s9999 xx 000 0 und d
040 |a BIBLIOTECA-RUSB/ Mon 711.4 M777 
041 |a spa 
082 |a Mon 711.4 M777 
100 1 |a Mejía Montenegro, Indira 
100 1 |b Mejía Montenegro, Leana 
245 1 0 |a Propuesta de renovación urbano-arquitectónico del barrio Edgard Munguía, del distrito I Managua, para el año 2023 
260 |a Managua   |b UNI  |c 2023 
300 |a 66 p. :il. 
500 |a Contiene: anexos y CD 
502 |a Tesis (Arquitecto) - UNI, 2023. 
520 3 |a El siguiente trabajo monográfico desarrolla una plataforma teórica relativa a los aspectos conceptuales y normativos de la intervención urbana-arquitectónica evaluando las condiciones físicas actuales del sector en estudio, diseñando una propuesta de renovación urbana-arquitectónica incorporando criterios de diseño urbano que generen vitalidad al entorno y contribuya al desarrollo urbano sostenible de la ciudad. 
650 7 |a PLANIFICACION URBANA 
650 7 |b  DESARROLLO URBANO – REGLAMENTO 
650 7 |c  REORDENAMIENTO URBANO 
650 7 |d  DISEÑO ARQUITECTONICO 
650 7 |e  ARQUITECTURA-DISEÑOS Y PLANOS 
700 1 |a Tutor:  |b Solórzano Saravia, Alberto  
942 |c BK  |2 ddc 
991 |a TESIS 
999 |c 27780